000 00567nam a2200229Ia 4500
003 OSt
005 20221005133227.0
006 a|||||r|||| 00| 0
007 ta
008 221004b |||||||| |||| 00| 0 kan d
024 _a60787
037 _cTextual
040 _aCRL
_cCRL
_bkan
041 _2kan
_akan
082 _aO33,3NBH,1, K2
100 _aBharatisuta Au.
_9629008
245 0 _aVydyanamagalu
260 _c1962
650 _aKANNAD FICTION
942 _hO33,3NBH,1, K2
_cTEXL
_2cc
999 _c1066192
_d1066192